[Event "Pinneberg-ch"]
[Site "Pinneberg"]
[Date "2007.10.11"]
[Round "7"]
[White "Chaichi, Fredo"]
[Black "Isenecker, Frank"]
[Result "0-1"]
[WhiteElo "1200"]
[BlackElo "1443"]
[PlyCount "72"]
[EventDate "2007.08.30"]
[EventType "swiss"]
[EventRounds "7"]
[EventCountry "GER"]
[SourceTitle "CBM 120 Extra"]
[Source "ChessBase"]
[SourceDate "2007.11.01"]
[SourceVersion "1"]
[SourceVersionDate "2007.11.01"]
[SourceQuality "1"]

1. e4 c5 2. c4 Nc6 3. d3 e6 4. Nc3 Nf6 5. Bg5 Be7 6. Bxf6 Bxf6 7. Nf3 Qa5 8. Rc1 Nd4 9. Be2 b5 10. cxb5 Nxb5 11. e5 Be7 12. a4 Nxc3 13. bxc3 Bb7 14. 0-0 d5 15. d4 0-0 16. Qd2 Qxa4 17. dxc5 Bxc5 18. Bd3 Qg4 19. h3 Qh5 20. Ng5 f5 21. Be2 Qg6 22. h4 h6 23. h5 Qxg5 24. Qb2 Rab8 25. Qb5 d4 26. f3 Qe3+ 27. Kh1 dxc3 28. Rfd1 Bxf3 29. Bxf3 Rxb5 30. Bc6 Rb4 31. Rd4 Qxc1+ 32. Kh2 Bxd4 33. g3 Qg1+ 34. Kh3 Bxe5 35. Bg2 Qf2 36. Kh2 Rh4# 0-1

[Event "Pinneberg-ch"]
[Site "Pinneberg"]
[Date "2007.09.06"]
[Round "2"]
[White "Iwanow, Thomas"]
[Black "Chaichi, Fredo"]
[Result "1-0"]
[WhiteElo "1715"]
[BlackElo "1200"]
[PlyCount "93"]
[EventDate "2007.08.30"]
[EventType "swiss"]
[EventRounds "7"]
[EventCountry "GER"]
[SourceTitle "CBM 120 Extra"]
[Source "ChessBase"]
[SourceDate "2007.11.01"]
[SourceVersion "1"]
[SourceVersionDate "2007.11.01"]
[SourceQuality "1"]

1. d4 e6 2. c4 Bb4+ 3. Bd2 Bxd2+ 4. Qxd2 d6 5. Nc3 Nf6 6. Nf3 d5 7. e3 0-0 8. Bd3 dxc4 9. Bxc4 Nd5 10. Rc1 Nxc3 11. Qxc3 c6 12. 0-0 b5 13. Bd3 a5 14. Ne5 b4 15. Qc2 Bb7 16. Bxh7+ Kh8 17. Be4 Qc7 18. f4 f5 19. Ng6+ Kg8 20. Nxf8 Kxf8 21. Bf3 g6 22. Qc5+ Kf7 23. Qe5 Qe7 24. Qh8 Qf6 25. Qh7+ Qg7 26. Qxg7+ Kxg7 27. Kf2 a4 28. h4 Ra6 29. Rh1 Nd7 30. h5 Kh6 31. hxg6+ Kxg6 32. g4 fxg4 33. Bxg4 c5 34. Rhg1 Kf6 35. dxc5 Bd5 36. Be2 Rc6 37. Bb5 Rxc5 38. Bxd7 Rxc1 39. Rxc1 Bxa2 40. Bxa4 b3 41. Rc3 Kf5 42. Bxb3 Bxb3 43. Rxb3 Ke4 44. Rc3 Kd5 45. b4 e5 46. f5 e4 47. Kg3 1-0